LEADER 01088nam0-22003491i-450- 001 990007868180403321 005 20050608092408.0 035 $a000786818 035 $aFED01000786818 035 $a(Aleph)000786818FED01 035 $a000786818 100 $a20040415d2002----km-y0itay50------ba 101 1 $aeng 102 $aIT 105 $aa---a---001yy 200 1 $aA.M.A. Group, Alfonso Mercurio Associates$ethe space of modernity$fPreface by Alfonso Mercurio$gIntroduction by Mario Pisani 210 $a[Milano]$cl'Arca Edizioni$d2002 215 $a139 p.$cill.$d35 cm 610 0 $aEdifici industriali$aProgettazione 610 0 $aAMA group $aOpere architettoniche 676 $a725.4 702 1$aMercurio,$bAlfonso 702 1$aPisani,$bMario 710 02$aAMA group$0282008 801 0$aIT$bUNINA$gRICA$2UNIMARC 901 $aBK 912 $a990007868180403321 952 $a13 D 77 29$b13191$fFINBC 952 $a13 D 77 30$b13190$fFINBC 959 $aFINBC 996 $aA.M.A. Group, Alfonso Mercurio Associates$9673276 997 $aUNINA LEADER 01596nas 2200421 n 450 001 990008905230403321 005 20240229084308.0 011 $a0257-9774 035 $a000890523 035 $aFED01000890523 035 $a(Aleph)000890523FED01 035 $a000890523 091 $2CNR$aP 00017314 100 $a20090724a19069999km-y0itaa50------ba 101 0 $amul 102 $aCH 110 $aauu-------- 200 1 $aAnthropos$erevue internationale d'éthnologie et de linguistique 207 1$a1906- 210 $aFribourg$cPaulusdruckerei- und Verlag 326 $aSemestrale 530 0 $aAnthropos 675 $a39.801 675 $a8 675 $a39 712 02$aAnthropos Institute 712 02$aÖsterreichische Leo-Gesellschaft 712 02$aGörres-Gesellschaft 801 0$aIT$bACNP$c20090723 859 4 $uhttp://acnp.cib.unibo.it/cgi-ser/start/it/cnr/dc-p1.tcl?catno=9790&person=false&language=ITALIANO&libr=&libr_th=unina1$zBiblioteche che possiedono il periodico 901 $aSE 912 $a990008905230403321 958 $aBRAU. Biblioteca di Ricerca di Area Umanistica$b1979-1998;$eSP - Per. ted. estinto 2$fFLFBC 959 $aFLFBC 996 $aAnthropos$9800591 997 $aUNINA AP1 8 $6866-01$aNA072 BRAU. Biblioteca di Ricerca di Area Umanistica$bSP - Per. ted. estinto 2$ePiazza Bellini 56/60, 80133 Napoli (NA)$m(081) 2533948$nit AP2 40$aacnp.cib.unibo.it$nACNP Italian Union Catalogue of Serials$uhttp://acnp.cib.unibo.it/cgi-ser/start/it/cnr/df-p.tcl?catno=9790&language=ITALIANO&libr=&person=&B=1&libr_th=unina&proposto=NO